| 000 | 00478nam a2200169Ia 4500 | ||
|---|---|---|---|
| 003 | GCL | ||
| 008 | 140319s9999 xx 000 0 eng d | ||
| 040 |
_aGCL / _cGCL |
||
| 082 | 0 | 4 |
_a681.763 _bA A |
| 100 | 1 | _aANDERSON, JOCK R. | |
| 245 | 1 | 0 |
_aAGRICULTRAL TECHNOLOGY: POLICY ISSUES FOR THE INTERNATIONAL COMMUNITY / _cANDERSON, JOCK R. |
| 260 |
_a[S.N] : _bCAB IMTERNATIONAL ، _c1994 |
||
| 300 | _a680 P | ||
| 650 | 0 | 4 | _aTECHNOLOGY |
| 650 | 0 | 4 | _aAGRICULTURE |
| 942 |
_2ddc _cBK |
||
| 999 |
_c14795 _d14795 |
||